[Event "BL2-N 9394"]
[Site "GER"]
[Date "1994.??.??"]
[Round "?"]
[White "Behnk, Rolf"]
[Black "Marschner, Juergen"]
[Result "1-0"]
[WhiteElo "2320"]
[BlackElo "2305"]
[PlyCount "70"]
[EventDate "1993.10.??"]
[Source "www.chesslib.no"]
[SourceDate "2004.05.04"]

1. e4 e6 2. d4 d5 3. Nc3 Nf6 4. Bg5 Be7 5. e5 Ng8 6. Be3 b6 7. Qg4 g6 8. Bb5+ c6 9. Ba4 Bd7 10. Nf3 c5 11. Bxd7+ Qxd7 12. Qf4 Nc6 13. Rd1 cxd4 14. Bxd4 h5 15. O-O Nh6 16. Be3 Nf5 17. Ne4 Qc7 18. Nf6+ Bxf6 19. exf6 Qxf4 20. Bxf4 O-O-O 21. Rd3 Kb7 22. Rfd1 Rhe8 23. Ng5 Rd7 24. f3 Nfd4 25. R3d2 e5 26. Re1 Ne6 27. Nxe6 Rxe6 28. Bg3 Rxf6 29. Bxe5 Re6 30. Bg3 Rxe1+ 31. Bxe1 Ne5 32. b3 Kc6 33. h3 Re7 34. Bh4 Re6 35. Kf2 Nd7 1-0

[Event "ARG-chT"]
[Site "ARG"]
[Date "2000.??.??"]
[Round "4"]
[White "Felgaer, Ruben"]
[Black "Grushka, Carlos"]
[Result "1-0"]
[WhiteElo "2375"]
[BlackElo "2235"]
[PlyCount "65"]
[EventDate "2000.??.??"]
[Source "www.chesslib.no"]
[SourceDate "2004.05.04"]

1. e4 e6 2. d4 d5 3. Nc3 Nf6 4. Bg5 Be7 5. e5 Ng8 6. Bxe7 Nxe7 7. Nf3 b6 8. Bb5+ c6 9. Ba4 a5 10. a3 Ba6 11. Ne2 Bxe2 12. Qxe2 b5 13. Bb3 a4 14. Ba2 Nd7 15. O-O Nb6 16. c3 Nf5 17. Ne1 h5 18. g3 Nc4 19. Bb1 Qg5 20. Bxf5 Qxf5 21. Nd3 Ke7 22. Rad1 g5 23. f3 Rh7 24. Rf2 Rg8 25. Rdf1 Qg6 26. Kg2 Rgh8 27. Kg1 Rg8 28. Kh1 Rgh8 29. f4 g4 30. f5 exf5 31. Nf4 Qg5 32. Ng2 h4 33. Nxh4 1-0

[Event "BL2-N 9091"]
[Site "GER"]
[Date "1990.??.??"]
[Round "?"]
[White "Grzesik, Thomas"]
[Black "Junge, Ralf"]
[Result "1/2-1/2"]
[WhiteElo "2285"]
[BlackElo "2320"]
[PlyCount "81"]
[EventDate "1990.10.??"]
[Source "www.chesslib.no"]
[SourceDate "2004.05.04"]

1. e4 e6 2. d4 d5 3. Nc3 Nf6 4. Bg5 Be7 5. e5 Ng8 6. Be3 b6 7. g4 Ba6 8. Bg2 Bb4 9. Qd2 Nc6 10. a3 Bxc3 11. Qxc3 Qd7 12. f4 Nge7 13. Nf3 h5 14. h3 hxg4 15. hxg4 Rxh1+ 16. Bxh1 O-O-O 17. Qd2 Rh8 18. O-O-O Na5 19. b3 Qc6 20. Kb2 Qb5 21. Ka2 Qe2 22. Re1 Qxd2 23. Bxd2 Nac6 24. Bg2 Kd7 25. Kb2 Nd8 26. Kc3 Nb7 27. Be3 c5 28. Rh1 cxd4+ 29. Nxd4 Rxh1 30. Bxh1 Bf1 31. Kd2 Nd8 32. Ke1 Ba6 33. f5 Nec6 34. fxe6+ fxe6 35. Nxc6 Nxc6 36. Bf4 g5 37. Bg3 Nd4 38. Kd2 Bf1 39. Bf2 Nc6 40. Bg3 Nd4 41. Bf2 1/2-1/2

[Event "BL2-SW 8788"]
[Site "GER"]
[Date "1988.??.??"]
[Round "?"]
[White "Haubt, Georg"]
[Black "Engel, Berthold"]
[Result "1-0"]
[WhiteElo "2310"]
[BlackElo "2295"]
[PlyCount "83"]
[EventDate "1987.10.??"]
[Source "www.chesslib.no"]
[SourceDate "2004.05.04"]

1. e4 e6 2. d4 d5 3. Nc3 Nf6 4. Bg5 Be7 5. e5 Ng8 6. Be3 b6 7. h4 h5 8. Be2 g6 9. Qd2 Ba6 10. Nf3 Bxe2 11. Nxe2 Nc6 12. Ng5 Qd7 13. f3 O-O-O 14. Nxf7 Bxh4+ 15. Rxh4 Qxf7 16. Bg5 Rf8 17. O-O-O Nce7 18. Kb1 Nf5 19. Rh3 Rh7 20. Rdh1 c5 21. dxc5 bxc5 22. g4 Nd4 23. Nxd4 cxd4 24. Qxd4 Qc7 25. f4 Qb6 26. Rc3+ Rc7 27. Qxb6 axb6 28. Rxc7+ Kxc7 29. gxh5 gxh5 30. Rxh5 Rf7 31. a4 d4 32. Rh8 Ne7 33. Re8 Nd5 34. Rxe6 Nxf4 35. Rf6 Rxf6 36. exf6 Ne6 37. Bh6 Nd8 38. Kc1 Kd6 39. Bf4+ Kc6 40. Be5 Ne6 41. f7 Kd7 42. Bxd4 1-0

[Event "Montone"]
[Site "Montone"]
[Date "1989.??.??"]
[Round "?"]
[White "Manca, Federico"]
[Black "Rossi, Carlo"]
[Result "1-0"]
[WhiteElo "2285"]
[BlackElo "2320"]
[PlyCount "26"]
[EventDate "1989.??.??"]
[Source "www.chesslib.no"]
[SourceDate "2004.05.04"]

1. e4 e6 2. d4 d5 3. Nc3 Nf6 4. Bg5 Be7 5. e5 Ng8 6. h4 h6 7. Be3 b6 8. Nh3 Ba6 9. Nf4 Bxf1 10. Kxf1 Qd7 11. Qg4 Bf8 12. Rh3 Ne7 13. h5 Nbc6 1-0

[Event "BL2-S 9192"]
[Site "GER"]
[Date "1992.??.??"]
[Round "?"]
[White "Pfrommer, Christoph"]
[Black "Heidenfeld, Mark"]
[Result "1-0"]
[WhiteElo "2310"]
[BlackElo "2295"]
[PlyCount "77"]
[EventDate "1991.10.??"]
[Source "www.chesslib.no"]
[SourceDate "2004.05.04"]

1. e4 e6 2. d4 d5 3. Nc3 Nf6 4. Bg5 Be7 5. e5 Ng8 6. Be3 b6 7. h4 h5 8. Be2 g6 9. Qd2 Ba6 10. Bxa6 Nxa6 11. Nf3 Qd7 12. O-O Kf8 13. Ne2 Kg7 14. Rac1 Nh6 15. Ng3 c5 16. c4 dxc4 17. Rxc4 Rac8 18. Bg5 Bxg5 19. Qxg5 Ng8 20. Ne4 Rc7 21. Rfc1 cxd4 22. Rxd4 Rxc1+ 23. Qxc1 Qe7 24. Qd2 Nb8 25. Rd8 Nc6 26. Rd7 Qe8 27. Nd6 Qxd7 28. Nf5+ gxf5 29. Qxd7 Nge7 30. Qd2 Ng6 31. Qg5 Rd8 32. Qxh5 Rd1+ 33. Kh2 Rd5 34. Qg5 Kf8 35. h5 Ngxe5 36. h6 Ng4+ 37. Kg3 Ne7 38. h7 Ng6 39. Qxg6 1-0

[Event "BL2-S 9091"]
[Site "GER"]
[Date "1990.??.??"]
[Round "?"]
[White "Haist, Wolfgang"]
[Black "Heidenfeld, Mark"]
[Result "0-1"]
[WhiteElo "2300"]
[BlackElo "2280"]
[PlyCount "72"]
[EventDate "1990.10.??"]
[Source "www.chesslib.no"]
[SourceDate "2004.05.04"]

1. e4 e6 2. d4 d5 3. Nc3 Nf6 4. Bg5 Be7 5. e5 Ng8 6. Be3 b6 7. Qg4 g6 8. g3 Ba6 9. Bg2 Qd7 10. Nh3 Nc6 11. O-O-O O-O-O 12. Nf4 Nh6 13. Qf3 Nf5 14. h4 Na5 15. h5 Kb8 16. Rh2 Nc4 17. Rdh1 g5 18. Nd3 g4 19. Qf4 Rhg8 20. Re1 h6 21. Bxd5 Bg5 22. Bxc4 Bxf4 23. Bxa6 Bxe3+ 24. fxe3 Nxg3 25. Rg2 Nf5 26. Nb4 Ne7 27. Ne4 Nd5 28. Nxd5 Qxd5 29. Bd3 Rg7 30. Reg1 Qxa2 31. b3 c5 32. Rxg4 Rxg4 33. Rxg4 cxd4 34. exd4 Qa1+ 35. Kd2 Qxd4 36. Nf6 Qxe5 0-1

[Event "AUT-chT 9697"]
[Site "Austria"]
[Date "1996.??.??"]
[Round "3"]
[White "Freitag, Manfred"]
[Black "Roth, Peter"]
[Result "0-1"]
[WhiteElo "2285"]
[BlackElo "2295"]
[PlyCount "62"]
[EventDate "1996.??.??"]
[Source "ChessBase"]

1. e4 e6 2. d4 d5 3. Nc3 Nf6 4. Bg5 Be7 5. e5 Ng8 6. Be3 b6 7. Qg4 g6 8. h4 h5 9. Qg3 Ba6 10. Bxa6 Nxa6 11. Nf3 Qd7 12. O-O-O O-O-O 13. Bg5 Kb7 14. Qf4 Bxg5 15. Nxg5 Nh6 16. f3 Rc8 17. g4 Ka8 18. Kb1 c5 19. Ne2 Qb5 20. Ng3 cxd4 21. Rxd4 Rc7 22. Rc1 Rhc8 23. Nxe6 fxe6 24. Qxh6 Nb4 25. Rxb4 Qxb4 26. a3 Qd4 27. Qxg6 Rxc2 28. Rxc2 Qd1+ 29. Ka2 Rxc2 30. Qe8+ Kb7 31. Qd7+ Rc7 0-1

[Event "Ruhrgebiet Ch"]
[Site "?"]
[Date "1999.06.06"]
[Round "4"]
[White "Georg Heinz"]
[Black "Jellinghaus Lars"]
[Result "1/2-1/2"]
[WhiteElo "2270"]
[BlackElo "2301"]
[PlyCount "112"]
[EventDate "1999.??.??"]
[Source "www.chesslib.no"]
[SourceDate "2004.05.04"]

1. e4 e6 2. d4 d5 3. Nc3 Nf6 4. Bg5 Be7 5. e5 Ng8 6. Be3 b6 7. f4 g6 8. Nf3 h5 9. Qd2 Nh6 10. O-O-O Ba6 11. g3 Bxf1 12. Rdxf1 h4 13. Rhg1 Ng4 14. Nd1 Nc6 15. Kb1 Qd7 16. Qe2 Nxe3 17. Nxe3 hxg3 18. hxg3 O-O-O 19. Rh1 Rdg8 20. Ng4 Qe8 21. Ne3 Rxh1 22. Rxh1 Rh8 23. Rc1 Na5 24. c4 dxc4 25. Nxc4 Nxc4 26. Qxc4 Qd7 27. Rd1 c6 28. g4 Rh3 29. Qf1 Rg3 30. d5 exd5 31. e6 Qxe6 32. Re1 Qd7 33. Ne5 Qc7 34. Nxc6 Qxc6 35. Rxe7 Qc5 36. Re1 Kb7 37. Qe2 Rg1 38. a3 Rxe1+ 39. Qxe1 Qd6 40. Qe3 Qe6 41. Qd2 Qe4+ 42. Ka2 a5 43. b3 d4 44. Kb2 Ka7 45. b4 axb4 46. axb4 Kb7 47. b5 f6 48. Qh2 g5 49. fxg5 fxg5 50. Qc2 Qxc2+ 51. Kxc2 Kc7 52. Kd3 Kd7 53. Kxd4 Kd6 54. Ke4 Kc5 55. Kf5 Kxb5 56. Kxg5 Kc5 1/2-1/2

[Event "Coria del Río SPA"]
[Site "?"]
[Date "2004.02.??"]
[Round "6"]
[White "Rodney Pérez Cuba"]
[Black "Manuel Carrabeo Coria del Río"]
[Result "1/2-1/2"]
[WhiteElo "2458"]
[BlackElo "2105"]
[PlyCount "81"]
[EventDate "2004.??.??"]
[Source "www.chesslib.no"]
[SourceDate "2004.05.04"]

1. e4 e6 2. d4 d5 3. Nc3 Nf6 4. Bg5 Be7 5. e5 Ng8 6. Be3 b6 7. Qg4 Bf8 8. Nf3 Qd7 9. O-O-O Ba6 10. Bxa6 Nxa6 11. h4 h5 12. Qh3 Ne7 13. g4 hxg4 14. Qxg4 O-O-O 15. Bg5 Nb8 16. h5 Nbc6 17. Nh4 Kb8 18. f4 Rc8 19. Rhf1 g6 20. hxg6 fxg6 21. Bxe7 Nxe7 22. Nxg6 Rg8 23. Nxf8 Rcxf8 24. Qh3 Nf5 25. Ne2 Qa4 26. Kb1 Qc4 27. Rd3 Rh8 28. Qf3 Rh2 29. b3 Qb5 30. Rf2 Rfh8 31. Rxh2 Rxh2 32. Qg4 Kb7 33. Kb2 a5 34. a4 Qb4 35. c3 Qf8 36. Rd2 Qh6 37. Ka3 Qf8+ 38. Ka2 Qh6 39. Rb2 Ne3 40. Qg1 Nf5 41. Qg4 1/2-1/2

[Event "IRL Ch"]
[Site "Ireland"]
[Date "1991.??.??"]
[Round "?"]
[White "Delaney, John"]
[Black "Heidenfeld, Mark"]
[Result "1/2-1/2"]
[WhiteElo "2280"]
[BlackElo "2280"]
[PlyCount "30"]
[EventDate "1991.??.??"]
[Source "www.chesslib.no"]
[SourceDate "2004.05.04"]

1. e4 e6 2. d4 d5 3. Nc3 Nf6 4. Bg5 Be7 5. e5 Ng8 6. Be3 b6 7. h4 h5 8. g4 g6 9. gxh5 Rxh5 10. Nf3 Ba6 11. Ne2 Bxh4 12. Rxh4 Rxh4 13. Bg5 Bxe2 14. Qxe2 Re4 15. Qxe4 dxe4 1/2-1/2

[Event "Nottingham Chessforce"]
[Site "Nottingham ENG"]
[Date "1987.??.??"]
[Round "8"]
[White "Bryson, Douglas M"]
[Black "Richmond, Peter"]
[Result "1-0"]
[WhiteElo "2310"]
[BlackElo "2245"]
[PlyCount "59"]
[EventDate "1987.??.??"]
[Source "www.chesslib.no"]
[SourceDate "2004.05.04"]

1. e4 e6 2. d4 d5 3. Nc3 Nf6 4. Bg5 Be7 5. e5 Ng8 6. Be3 b6 7. Nf3 Ba6 8. Bxa6 Nxa6 9. O-O Nb8 10. Ne2 Qd7 11. Rc1 Bd8 12. Nf4 h5 13. c4 c6 14. Nd2 g6 15. Nh3 Kf8 16. Nf3 Kg7 17. Qd2 Ne7 18. Bg5 Ng8 19. Qf4 Bxg5 20. Nhxg5 Qe7 21. cxd5 exd5 22. e6 f6 23. Nf7 Rh7 24. Rfe1 g5 25. Qf5 Nh6 26. Nxh6 Kxh6 27. h4 Na6 28. hxg5+ fxg5 29. Rxc6 Rf8 30. Qxf8+ 1-0

[Event "AUT-chT 9697"]
[Site "Austria"]
[Date "1997.??.??"]
[Round "9"]
[White "Brod, Manfred"]
[Black "Roth, Peter"]
[Result "1/2-1/2"]
[WhiteElo "2245"]
[BlackElo "2295"]
[PlyCount "33"]
[EventDate "1996.??.??"]
[Source "ChessBase"]

1. e4 e6 2. d4 d5 3. Nc3 Nf6 4. Bg5 Be7 5. e5 Ng8 6. Be3 c5 7. dxc5 Nd7 8. Bb5 Qc7 9. Nf3 Bxc5 10. Bxc5 Qxc5 11. Qd4 Qxd4 12. Nxd4 a6 13. Bxd7+ Bxd7 14. f4 Ne7 15. O-O Rc8 16. Rad1 O-O 17. g4 1/2-1/2

[Event "Graz Open"]
[Site "Graz AUT"]
[Date "1987.??.??"]
[Round "8"]
[White "Lendwai, Reinhard"]
[Black "Vojko, Zorman"]
[Result "1/2-1/2"]
[WhiteElo "2270"]
[BlackElo "2245"]
[PlyCount "144"]
[EventDate "1987.10.??"]
[Source "www.chesslib.no"]
[SourceDate "2004.05.04"]

1. e4 e6 2. d4 d5 3. Nc3 Nf6 4. Bg5 Be7 5. e5 Ng8 6. Be3 b6 7. g3 Ba6 8. Bh3 Bb4 9. Nge2 Nc6 10. a3 Bxe2 11. Qxe2 Bxc3+ 12. bxc3 Na5 13. Qg4 g6 14. Bg5 Qd7 15. O-O h6 16. Bf6 Nxf6 17. exf6 O-O-O 18. Rfe1 Kb8 19. Bf1 Qd6 20. a4 Rhe8 21. f4 h5 22. Qg5 c5 23. Bb5 Rh8 24. Bd3 Rc8 25. Qe5 Qxe5 26. dxe5 c4 27. Bf1 Kc7 28. Bg2 Kc6 29. Kf2 Kc5 30. Red1 a6 31. h3 Nc6 32. g4 hxg4 33. hxg4 g5 34. Kg3 gxf4+ 35. Kxf4 b5 36. axb5 axb5 37. Rh1 Rxh1 38. Rxh1 b4 39. cxb4+ Nxb4 40. Rh7 Nxc2 41. Rxf7 Nb4 42. Bf1 c3 43. Ra7 c2 44. Ra1 Kd4 45. g5 c1=Q+ 46. Rxc1 Rxc1 47. Bb5 Nd3+ 48. Bxd3 Kxd3 49. g6 Rf1+ 50. Kg5 Ke4 51. f7 Kxe5 52. g7 Rf5+ 53. Kg4 Rxf7 54. g8=Q Rf4+ 55. Kg5 Re4 56. Qb8+ Kd4 57. Kf6 Kd3 58. Qb3+ Ke2 59. Qb1 Re3 60. Qc2+ Ke1 61. Qb2 Re2 62. Qd4 Re4 63. Qd3 Kf2 64. Ke7 Kg2 65. Kd6 Kf2 66. Qh3 Re3 67. Qh2+ Kf3 68. Kc5 Re4 69. Kb5 Ke3 70. Qg3+ Ke2 71. Ka5 Kd2 72. Qf3 Kc2 1/2-1/2

[Event "Oberliga Wuert9697"]
[Site "Wuerttemberg"]
[Date "1996.??.??"]
[Round "?"]
[White "Frolik, Erhard"]
[Black "Steckner, Johannes"]
[Result "1/2-1/2"]
[WhiteElo "2245"]
[BlackElo "2255"]
[PlyCount "42"]
[EventDate "1996.09.??"]
[Source "www.chesslib.no"]
[SourceDate "2004.05.04"]

1. e4 e6 2. d4 d5 3. Nc3 Nf6 4. Bg5 Be7 5. e5 Ng8 6. Be3 b6 7. Qg4 g6 8. Bd3 Ba6 9. Bxa6 Nxa6 10. h4 h5 11. Qe2 Nb8 12. Nf3 c5 13. Qd2 Nc6 14. Ne2 cxd4 15. Nexd4 Nxd4 16. Nxd4 Qc7 17. O-O-O O-O-O 18. Rh3 Kb8 19. Bg5 Rc8 20. Kb1 Bxg5 21. Qxg5 Ne7 1/2-1/2

[Event "Oberliga Ost-B 0102"]
[Site "?"]
[Date "2002.02.03"]
[Round "7.6"]
[White "Kuban Guenter"]
[Black "Meyer Stefan"]
[Result "1-0"]
[WhiteElo "2282"]
[BlackElo "2150"]
[PlyCount "55"]
[EventDate "2002.??.??"]
[Source "www.chesslib.no"]
[SourceDate "2004.05.04"]

1. e4 e6 2. d4 d5 3. Nc3 Nf6 4. Bg5 Be7 5. e5 Ng8 6. Be3 b6 7. Nf3 Ba6 8. Bxa6 Nxa6 9. Qe2 Nb8 10. O-O h5 11. Nd1 Nh6 12. c4 dxc4 13. Bxh6 Rxh6 14. Ne3 c6 15. Qxc4 b5 16. Qc2 g5 17. Rad1 a6 18. Rd3 Ra7 19. Nd2 Rd7 20. Nb3 a5 21. Rfd1 a4 22. Nc5 Rc7 23. Rc3 Rh8 24. a3 Qc8 25. Rc1 Qd8 26. Rd1 Qc8 27. Ne4 Qd8 28. d5 1-0

[Event "Helsinki-ch "]
[Site "Helsinki"]
[Date "1996.??.??"]
[Round "?"]
[White "Kokkila, Tero"]
[Black "Laine, Heikki"]
[Result "1-0"]
[WhiteElo "2210"]
[BlackElo "2220"]
[PlyCount "93"]
[EventDate "1996.??.??"]
[Source "www.chesslib.no"]
[SourceDate "2004.05.04"]

1. e4 e6 2. d4 d5 3. Nc3 Nf6 4. Bg5 Be7 5. e5 Ng8 6. Be3 b6 7. Bb5+ c6 8. Ba4 b5 9. Bb3 Nd7 10. Qg4 g6 11. Nf3 h5 12. Qf4 Nh6 13. h3 Nf5 14. O-O-O a5 15. a4 Ba6 16. g4 Nxe3 17. Qxe3 b4 18. Ne2 c5 19. dxc5 Bxc5 20. Ned4 Qb6 21. Qf4 O-O-O 22. Qxf7 hxg4 23. Nxe6 gxf3 24. Nxd8 Rxd8 25. Rxd5 Bb7 26. Rxd7 Rxd7 27. Be6 Bc6 28. Rd1 Qd8 29. Qxg6 Qe7 30. Qg4 Kc7 31. Bxd7 Bxd7 32. Qxf3 Qxe5 33. Qf7 Bd6 34. h4 Qf4+ 35. Qxf4 Bxf4+ 36. Kb1 Bxa4 37. Rd5 Kb6 38. Rf5 Bd2 39. h5 Bc6 40. Rf6 Kc5 41. h6 Be4 42. f3 Bh7 43. Rf7 Bg6 44. h7 b3 45. Rc7+ Kb6 46. h8=Q Kxc7 47. Qg7+ 1-0

[Event "Olexa mem op 25th"]
[Site "Brno"]
[Date "1999.??.??"]
[Round "?"]
[White "Doring, Robert"]
[Black "Novak, Jiri"]
[Result "1-0"]
[WhiteElo "2170"]
[BlackElo "2245"]
[PlyCount "97"]
[EventDate "1999.??.??"]
[Source "www.chesslib.no"]
[SourceDate "2004.05.04"]

1. e4 e6 2. d4 d5 3. Nc3 Nf6 4. Bg5 Be7 5. e5 Ng8 6. h4 h6 7. Bd2 Nd7 8. Qg4 Bf8 9. Nf3 a6 10. Bd3 c5 11. O-O c4 12. Be2 Ne7 13. h5 Nf5 14. Rfe1 Bb4 15. Nxd5 Bxd2 16. Nxd2 O-O 17. Nc3 Nxe5 18. dxe5 Qxd2 19. Bxc4 b5 20. Bd3 Qg5 21. Qxg5 hxg5 22. Ne4 g4 23. Nc5 Ra7 24. Rad1 Rc7 25. b4 Re8 26. Be4 Kf8 27. Rd3 Kg8 28. Red1 Kf8 29. Kh2 Kg8 30. Rd8 Kf8 31. R8d3 Ke7 32. f3 gxf3 33. g4 Nh6 34. Bxf3 f6 35. exf6+ Kxf6 36. Kg3 Nf7 37. Be4 Ne5 38. Rd6 Nc4 39. Rf1+ Ke5 40. Rc6 Rxc6 41. Bxc6 Rd8 42. Rf7 Ne3 43. Be4 Nd5 44. Bxd5 exd5 45. Rxg7 a5 46. a3 axb4 47. axb4 Kd4 48. h6 Rh8 49. h7 1-0

[Event "Festival 2007"]
[Site "Cesenatico ITA"]
[Date "2007.09.03"]
[Round "3.14"]
[White "KLOCKER, Benedict"]
[Black "HESS, Christian Mathias"]
[Result "0-1"]
[WhiteElo "2106"]
[BlackElo "2303"]
[PlyCount "54"]
[EventDate "2007.09.01"]
[Source "www.chesslib.no"]
[SourceDate "2004.05.04"]

1. e4 e6 2. d4 d5 3. Nc3 Nf6 4. Bg5 Be7 5. e5 Ng8 6. h4 Bxg5 7. hxg5 Qxg5 8. Qd3 g6 9. Nf3 Qe7 10. O-O-O Nc6 11. Be2 Bd7 12. g4 O-O-O 13. Nh4 g5 14. Nf3 f6 15. Rh5 Be8 16. exf6 Nxf6 17. Rxg5 h6 18. Rh1 Qf8 19. Re5 Nxg4 20. Rh4 Ncxe5 21. dxe5 h5 22. Nd4 Qxf2 23. Bxg4 Qxh4 24. Nxd5 Qe1+ 25. Qd1 Qxe5 26. Nf3 Qf4+ 27. Kb1 c6 0-1

[Event "Bad Woerishofen (open senior)"]
[Site "?"]
[Date "2004.03.24"]
[Round "7"]
[White "Villing Dieter"]
[Black "Minz Michael"]
[Result "1-0"]
[WhiteElo "2231"]
[BlackElo "2176"]
[PlyCount "95"]
[EventDate "2004.??.??"]
[Source "www.chesslib.no"]
[SourceDate "2004.05.04"]

1. e4 e6 2. d4 d5 3. Nc3 Nf6 4. Bg5 Be7 5. e5 Ng8 6. h4 h6 7. Be3 a6 8. Qg4 Bf8 9. h5 Ne7 10. Bd3 Nf5 11. Nge2 Nc6 12. O-O-O Nb4 13. Bxf5 exf5 14. Qf3 Be6 15. Nf4 c6 16. a3 a5 17. axb4 axb4 18. Nb1 Ra1 19. Nxe6 fxe6 20. g4 Be7 21. gxf5 Rf8 22. f6 gxf6 23. Bxh6 Rf7 24. Rhg1 Kd7 25. Rg6 f5 26. Bd2 Qb6 27. Bg5 Qa6 28. Bxe7 Rxe7 29. Kd2 c5 30. dxc5 Qc4 31. Qe3 Ra5 32. b3 Qh4 33. Rdg1 Kc6 34. Rg8 d4 35. Qf3+ Kxc5 36. Rh1 Qe4 37. Qxe4 fxe4 38. h6 Rh7 39. Rg7 Rh8 40. h7 Raa8 41. Ke2 d3+ 42. cxd3 Kd4 43. Rd7+ Kxe5 44. d4+ Kf6 45. Nd2 e5 46. Nxe4+ Kf5 47. f3 exd4 48. Rxd4 1-0

[Event "FRA-chT2"]
[Site "?"]
[Date "2002.01.19"]
[Round "5"]
[White "Leignel Nicolas"]
[Black "Langevin Philippe"]
[Result "1-0"]
[WhiteElo "2129"]
[BlackElo "2229"]
[PlyCount "116"]
[EventDate "2002.??.??"]
[Source "www.chesslib.no"]
[SourceDate "2004.05.04"]

1. e4 e6 2. d4 d5 3. Nc3 Nf6 4. Bg5 Be7 5. e5 Ng8 6. Bxe7 Nxe7 7. f4 Nbc6 8. Nf3 Nf5 9. Qd2 h5 10. O-O-O Bd7 11. g3 Qe7 12. Rg1 O-O-O 13. h3 Qb4 14. Be2 Kb8 15. Kb1 Rc8 16. g4 hxg4 17. hxg4 Nfe7 18. Rh1 Na5 19. Ng5 Rxh1 20. Rxh1 f6 21. a3 Qb6 22. exf6 gxf6 23. Nh7 Rh8 24. Qd1 Bc8 25. Rh5 Nac6 26. Nxf6 Rf8 27. Rh6 Qxd4 28. Qxd4 Nxd4 29. g5 Ndf5 30. Rh7 Ng6 31. Bd3 e5 32. fxe5 Nxe5 33. Ncxd5 Nxd3 34. cxd3 c6 35. Ne7 Be6 36. Ne4 Nd4 37. Rh1 Re8 38. Rh7 Rf8 39. Rh1 Re8 40. Rh7 Nf5 41. Nc5 Rxe7 42. Rxe7 Nxe7 43. Nxe6 Ng6 44. Kc2 Kc8 45. d4 b6 46. Kd3 Kd7 47. Ng7 Kd6 48. Ke4 a5 49. Nh5 a4 50. Nf4 Ne7 51. g6 Ng8 52. Kf5 b5 53. g7 c5 54. dxc5+ Kxc5 55. Nh5 b4 56. Nf6 Kc4 57. Nxg8 Kb3 58. axb4 Kxb4 1-0

[Event "It (Men) Pinamar ARG"]
[Site "?"]
[Date "2006.04.07"]
[Round "10"]
[White "Restuccia Francisco"]
[Black "Tumini Leandro"]
[Result "0-1"]
[WhiteElo "2221"]
[BlackElo "2100"]
[PlyCount "79"]
[EventDate "2006.??.??"]
[Source "www.chesslib.no"]
[SourceDate "2004.05.04"]

1. e4 e6 2. d4 d5 3. Nc3 Nf6 4. Bg5 Be7 5. e5 Ng8 6. Be3 b6 7. f4 Qd7 8. Qf3 Bb7 9. g4 c5 10. Bb5 Nc6 11. Nge2 a6 12. Bxc6 Bxc6 13. f5 O-O-O 14. O-O-O c4 15. Ng3 b5 16. g5 b4 17. Nce2 Bf8 18. f6 Qc7 19. fxg7 Bxg7 20. Rhf1 Be8 21. Bf4 Qa5 22. Kb1 Bf8 23. Nh5 Bb5 24. Bc1 Rd7 25. Nef4 Ne7 26. Nxe6 fxe6 27. Qf6 Ng6 28. Qxe6 Be7 29. Rf3 Rf8 30. Nf6 Bxf6 31. gxf6 Kb7 32. Qf5 c3 33. b3 Rdf7 34. Re1 Qd8 35. h4 Re8 36. h5 Nf8 37. e6 Bd7 38. exf7 Rxe1 39. Qg5 Be6 40. Qg3 0-1

[Event "Landesliga S Bayern 9596"]
[Site "GER"]
[Date "1996.??.??"]
[Round "?"]
[White "Moser, Wolfgang"]
[Black "Rohrmueller, Ulrich"]
[Result "0-1"]
[WhiteElo "2135"]
[BlackElo "2185"]
[PlyCount "136"]
[EventDate "1995.10.??"]
[Source "www.chesslib.no"]
[SourceDate "2004.05.04"]

1. e4 e6 2. d4 d5 3. Nc3 Nf6 4. Bg5 Be7 5. e5 Ng8 6. Be3 b6 7. Nf3 Ba6 8. Bxa6 Nxa6 9. Qe2 Nb8 10. O-O h5 11. b4 Nc6 12. a3 Nh6 13. Qd3 Qd7 14. Ne2 b5 15. Nd2 g6 16. Nb3 Kf8 17. Qd2 Nf5 18. Ng3 Kg7 19. Nxf5+ exf5 20. Nc5 Bxc5 21. bxc5 Nd8 22. Bg5 Re8 23. Bf6+ Kh7 24. h3 Ne6 25. f4 Ng7 26. Kh2 Re6 27. Rg1 Ra6 28. Qf2 Rh8 29. c3 Ra4 30. Rge1 Re8 31. Qh4 c6 32. Re3 Qe6 33. Rg3 Rh8 34. Rg5 Kg8 35. Kg1 a5 36. Qe1 Kh7 37. Kf2 Kg8 38. Ke2 h4 39. Kd3 Rh7 40. Bxg7 Kxg7 41. Kc2 Qc8 42. Kb3 Rc4 43. g4 hxg3 44. Rxg3 Qe6 45. Qf2 Rh8 46. Rh1 b4 47. cxb4 axb4 48. a4 Qc8 49. Re1 Qa6 50. Qf1 Ra8 51. Ra1 Rxd4 52. Qxa6 Rxa6 53. Rf3 Rc4 54. h4 Rxc5 55. Kxb4 Rc4+ 56. Kb3 Rb6+ 57. Ka3 Rbb4 58. Raf1 Rxa4+ 59. Kb3 Rab4+ 60. Ka3 Rb6 61. Rb3 Rxb3+ 62. Kxb3 Kh6 63. Ra1 Rxf4 64. Ra7 Rxh4 65. Rxf7 Re4 66. Re7 f4 67. e6 Kg5 68. Re8 Kf6 0-1

[Event "Copenhagen Open 16th"]
[Site "Copenhagen DEN"]
[Date "1994.??.??"]
[Round "1"]
[White "Andersen, Martin"]
[Black "Grabov, Steen"]
[Result "0-1"]
[WhiteElo "2030"]
[BlackElo "2285"]
[PlyCount "94"]
[EventDate "1994.06.??"]
[Source "www.chesslib.no"]
[SourceDate "2004.05.04"]

1. e4 e6 2. d4 d5 3. Nc3 Nf6 4. Bg5 Be7 5. e5 Ng8 6. Bxe7 Qxe7 7. Bd3 Nc6 8. Nge2 Bd7 9. O-O Nh6 10. Nb5 Rc8 11. c3 a6 12. Na3 Na7 13. b4 O-O 14. Nc2 Ba4 15. Qd2 Bxc2 16. Qxc2 g6 17. Qd2 Kg7 18. a4 c6 19. Rae1 Rce8 20. Nf4 Nc8 21. Re3 Nf5 22. Rh3 h5 23. Bxf5 exf5 24. Rg3 Rh8 25. e6 Rh6 26. exf7 Qxf7 27. Nd3 Nd6 28. Ne5 Rxe5 29. dxe5 Ne4 30. Qd4 Nxg3 31. hxg3 Qe6 32. Re1 Rh7 33. Qb6 Kh6 34. b5 axb5 35. axb5 Re7 36. bxc6 Qxc6 37. Qxc6 bxc6 38. f4 Kg7 39. Kf2 Kf7 40. Rb1 Rc7 41. Ke3 Ke6 42. Rb6 Kd7 43. Kd4 Ra7 44. Rb8 Ra4+ 45. Rb4 Ra7 46. c4 dxc4 47. Kxc4 Kc7 0-1

[Event "Oberliga Ost-C 9495"]
[Site "GER"]
[Date "1995.??.??"]
[Round "?"]
[White "August, Christian"]
[Black "Drill, Frank"]
[Result "1/2-1/2"]
[WhiteElo "2125"]
[BlackElo "2155"]
[PlyCount "93"]
[EventDate "1994.10.??"]
[Source "www.chesslib.no"]
[SourceDate "2004.05.04"]

1. e4 e6 2. d4 d5 3. Nc3 Nf6 4. Bg5 Be7 5. e5 Ng8 6. Be3 b6 7. h4 h5 8. Nf3 Nh6 9. Be2 Ba6 10. g3 Qd7 11. Qd2 Nf5 12. O-O Bxe2 13. Nxe2 Nc6 14. c3 Na5 15. b3 g6 16. Bg5 Bxg5 17. Qxg5 Qe7 18. Qd2 O-O 19. Nf4 Kg7 20. Rfe1 Rad8 21. Rac1 Rd7 22. c4 dxc4 23. b4 Nb7 24. Rxc4 Rfd8 25. Qc3 b5 26. Rc6 Nxd4 27. Nxd4 Rxd4 28. Rxc7 R4d7 29. Rc1 Rd1+ 30. Rxd1 Rxd1+ 31. Kg2 Rd7 32. Rc6 a5 33. a3 axb4 34. axb4 Rd8 35. Rc7 Rd7 36. Rc8 Nd8 37. Qc5 Nb7 38. Qxb5 Rd8 39. Rxd8 Nxd8 40. Nd3 Qc7 41. Qc5 Qb7+ 42. f3 Nc6 43. Qc4 Ne7 44. Nc5 Qa8 45. b5 Nd5 46. Qe2 Qa3 47. Ne4 1/2-1/2

[Event "Castellaneta op"]
[Site "Castellaneta"]
[Date "1997.??.??"]
[Round "?"]
[White "Leoncini, Mario"]
[Black "Patavia, Antonio"]
[Result "1/2-1/2"]
[WhiteElo "2180"]
[BlackElo "2090"]
[PlyCount "63"]
[EventDate "1997.??.??"]
[Source "www.chesslib.no"]
[SourceDate "2004.05.04"]

1. e4 e6 2. d4 d5 3. Nc3 Nf6 4. Bg5 Be7 5. e5 Ng8 6. Be3 Qd7 7. Qg4 g6 8. h4 h5 9. Qf4 b6 10. Nh3 Ba6 11. Bxa6 Nxa6 12. Ng5 Nh6 13. f3 Nb4 14. O-O-O O-O-O 15. a3 Nc6 16. g4 Na5 17. Nxf7 Nxf7 18. Qxf7 Rdf8 19. Qxg6 Rxf3 20. Rd3 Nc4 21. Bg5 hxg4 22. Bxe7 Qxe7 23. Qxg4 Rxd3 24. cxd3 Ne3 25. Qg1 Nf5 26. h5 Qg7 27. Qxg7 Nxg7 28. h6 Rh7 29. Ne2 Nf5 30. Kd2 Rxh6 31. Rxh6 Nxh6 32. Nf4 1/2-1/2